000
00304nam a2200133Ia 4500
100
_a
Bell / david A
942
_c
BK
654
_a
manual
245
_a
Lab Manual for Electronic Devices and circuits
260
_b
Prentice Hall
_c
2003
082
_a
621.3815
_b
BEL
300
_a
246
546
_a
ENGLISH
999
_c
26255
_d
26255